00421nam a2200145Ia 4500008004100000041000900041082001900050100001700069245002700086260003200113300000900145650000800154999001700162952009600179230718s9999 xx 000 0 und d aEng. a346.042bBAS-M aBashil Mayed 0aManual of intellectual aPakistanbManzed law c2011 a1195 aLaw c29373d29373 00104070aSIRC-LbSIRC-Ld2023-07-18l0o346.042 BAS-Mp24324r2023-07-18w2023-07-18yBK